Top 15 Biggest Birds - Statistics

General Stats
  • This quiz has been taken 12 times
  • The average score is 2 of 15
Answer Stats
Hint Answer % Correct
5 emu
100%
10 andean condor
17%
1 common ostrich
17%
6 emperor penguin
17%
4 northern cassowary
17%
2 somali ostrich
17%
3 southern cassowary
17%
9 dalmatian pelican
8%
7 greater rhea
8%
13 great bustard
0%
8 king penguin
0%
11 marabou stork
0%
14 shoebill
0%
12 wandering albatross
0%
15 wild turkey
0%
No matching quizzes found
Score Distribution
Percent of People with Each Score
Percentile by Number Answered
Your Score History
You have not taken this quiz